عرض عادي عرض مارك
  • Rozman, Gilbert

دخول Personal Name

عدد التسجيلات المستخدمة: 1

001 - CONTROL NUMBER

  • control field: 17152

003 - CONTROL NUMBER IDENTIFIER

  • control field: AE-AdECS

005 - DATE AND TIME OF LATEST TRANSACTION

  • control field: 20250616130618.0

008 - FIXED-LENGTH DATA ELEMENTS

  • fixed length control field: 250616|| aca||aabn | a|a d

040 ## - CATALOGING SOURCE

  • Original cataloging agency: AE-AdECS
  • Transcribing agency: AE-AdECS

100 ## - HEADING--PERSONAL NAME

  • Personal name: Rozman, Gilbert

670 ## - SOURCE DATA FOUND

  • Source citation: Work cat.: (AE-AdECS)291051: Rozman, Gilbert, author., Strategic triangles reshaping international relations in East Asia /

أبوظبي، الإمارات العربية المتحدة

reference@ecssr.ae

97124044780 +

حقوق النشر © 2026 مركز الإمارات للدراسات والبحوث الاستراتيجية جميع الحقوق محفوظة